| 000 | 01066nam a2200349 a 4500 | ||
|---|---|---|---|
| 999 |
_c1515 _d1515 |
||
| 001 | 011177599 | ||
| 003 | UkOxU | ||
| 005 | 20210628103427.0 | ||
| 008 | 500101s1994 iaua b 001 0 eng d | ||
| 010 | _aLC 93-70263 | ||
| 020 | _a069713671X | ||
| 020 | _a0697221911 (hbk) | ||
| 035 | _aCURL 7m980093070263(LCo) from orlc32 | ||
| 040 | _cALUPE UNIVERSITY | ||
| 049 |
_aCU _ll _m+ |
||
| 050 | 0 |
_aQP34.5 _b.M353 1994 |
|
| 092 | _aD0502171027 | ||
| 100 | 1 | _aMader, Sylvia S. | |
| 245 | 1 | 0 |
_aUnderstanding human anatomy & physiology / _cSylvia Mader |
| 250 | _a2nd ed | ||
| 260 |
_aDubuque ; _aOxford : _bW.C. Brown, _cc1994 |
||
| 300 |
_axx, 442 p. : _bill. (some col.) ; _c28 cm |
||
| 504 | _aIncludes bibliographical references (p. 414-415) and index | ||
| 650 | 0 | _aAnatomy | |
| 650 | 0 | _aHuman anatomy | |
| 650 | 0 | _aHuman physiology | |
| 650 | 0 | _aPhysiology | |
| 740 | 0 | _aUnderstanding human anatomy and physiology | |
| 942 |
_2lcc _cBK _nJE |
||